Road to Reaction

Gespeichert in:
Bibliographische Detailangaben
1. Verfasser: Finer, Herman
Format: Buch
Sprache:Englisch
Veröffentlicht: London Dennis Dobson Lim. 1946
Ausgabe:1. ed.
Tags: Tag hinzufügen
Keine Tags, Fügen Sie das erste Tag hinzu!

MARC

LEADER 00000nam a2200000 4500
001 c036589
005 20250716115205.0
041 0 |a eng 
044 |a GB 
245 1 0 |a Road to Reaction  |c Herman Finer 
250 |a 1. ed. 
264 1 |a London  |b Dennis Dobson Lim.  |c 1946 
300 |a 131 s. 
100 1 |a Finer, Herman